000 00742nam a2200229Ia 4500
008 160319s9999 xx 000 0 und d
020 _a978971630016
050 _a398.245
050 _bV468c 1993
100 _aVentura, Sylvia Mendez
245 4 _aThe carabao-turtle race and other classic Philippine animal folk tales /
245 _cas told by Sylvia Mendez Ventura ; illustrated by Joanne de León.
260 _aManila :
260 _bTahanan Books for Young Readers : Distributed in the Philippines by Bookmark,
260 _c1993
300 _a55 pages :
300 _billustrations ;
300 _c26 cm.
650 _aAnimals -- Folklore.
650 _aFolklore -- Philippines.
650 _aTales -- Philippines.
999 _c292140
_d292140